Metasploit Penetration Testing Cookbook (Record no. 214826)
[ view plain ]
| 000 -LEADER | |
|---|---|
| fixed length control field | 00957 a2200193 4500 |
| 003 - CONTROL NUMBER IDENTIFIER | |
| control field | Nust |
| 005 - DATE AND TIME OF LATEST TRANSACTION | |
| control field | 20220725175324.0 |
| 020 ## - INTERNATIONAL STANDARD BOOK NUMBER | |
| International Standard Book Number | 9781782166788 |
| 040 ## - CATALOGING SOURCE | |
| Transcribing agency | Nust |
| 082 ## - DEWEY DECIMAL CLASSIFICATION NUMBER | |
| Classification number | 005.8,AGA |
| 100 ## - MAIN ENTRY--PERSONAL NAME | |
| Personal name | Agarwal.Monika |
| 9 (RLIN) | 95040 |
| 245 ## - TITLE STATEMENT | |
| Title | Metasploit Penetration Testing Cookbook |
| Statement of responsibility, etc. | Monika Agarwal. Abhinav Singh |
| 250 ## - EDITION STATEMENT | |
| Edition statement | 2nd Edition |
| 260 ## - PUBLICATION, DISTRIBUTION, ETC. | |
| Place of publication, distribution, etc. | Mumbai |
| Name of publisher, distributor, etc. | packt publishing |
| Date of publication, distribution, etc. | 2013 |
| 300 ## - PHYSICAL DESCRIPTION | |
| Extent | iv; 306,p |
| 505 ## - FORMATTED CONTENTS NOTE | |
| Formatted contents note | Metasploit quick tips for security professionals (Page-7), Information gathering and scanning (Page- 31), Operating-system-based vulnerability assessment (Page-71), Client-side exploitation and antivirus bypass (Page-95), Working with modules for penetration testing (Page-121), Exploring exploits(page 143), Volp penetration testing (Page 163), Wireless network penetration testing (Page-181), Social engineer toolkit (Page-209), Working with meterpreter (Page-227). |
| 650 ## - SUBJECT ADDED ENTRY--TOPICAL TERM | |
| Topical term or geographic name entry element | Testing Cookbook |
| 9 (RLIN) | 95041 |
| 942 ## - ADDED ENTRY ELEMENTS (KOHA) | |
| Koha item type | Reference |
| Source of classification or shelving scheme | |
| Withdrawn status | Lost status | Source of classification or shelving scheme | Damaged status | Not for loan | Permanent Location | Current Location | Shelving location | Date acquired | Full call number | Barcode | Date last seen | Price effective from | Koha item type | Public note |
|---|---|---|---|---|---|---|---|---|---|---|---|---|---|---|
| Military College of Signals (MCS) | Military College of Signals (MCS) | Reference | 12/12/2016 | 005.8,AGA | MCS37106 | 12/08/2016 | 12/12/2016 | Book | Almirah No.18, Shelf No.2 |
